000 00852nam a2200313Ia 4500
001 45755
005 20240114003724.0
007 ta
008 090321s g b000 u 297 u
020 _cHB
040 _aCotton College,Assam
041 _a297
082 _a237.1
_bAb 51 Al
100 _aMuhammad Bin , Abi Abbas .
245 0 _aAl Kamil Fit Lugat Wal Adab /
_cAbi Abbas Muhammad Bin Yazid At Mubarrad.
_hTextual Documents
250 _aist ed /
260 _aLebanon :
_bDar at Kotob al ilmiyah Beirut ,
_cc 1958.
300 _c23cm.
362 _aVol-1-
653 _aArabic Literature
653 _aRef Section-Al Kamil Fit Lugat Wal Adab
700 _aMubarrad, Yazid At .
942 _2ddc
_cBK
999 _c45720
_d45720